[Event "London Big Slick IM 2nd"]
[Site "London"]
[Date "2011.06.29"]
[Round "5"]
[White "Lalic, Bogdan"]
[Black "Yurenok, Maria S"]
[Result "1-0"]
[WhiteElo "2469"]
[BlackElo "2100"]
[PlyCount "69"]
[EventDate "2011.06.25"]
[EventType "tourn"]
[EventRounds "9"]
[EventCountry "ENG"]
[SourceTitle "CBM 143 Extra"]
[Source "ChessBase"]
[SourceDate "2011.08.29"]
[SourceVersion "1"]
[SourceVersionDate "2011.08.29"]
[SourceQuality "1"]

1. c4 e5 2. Nc3 d6 3. Nf3 f5 4. d4 e4 5. Ng5 Nf6 6. e3 Be7 7. Qb3 Nc6 8. Be2 0-0 9. Bd2 Na5 10. Qa4 b6 11. b4 Bd7 12. Qc2 Nb7 13. 0-0 c5 14. a3 Qe8 15. f3 h6 16. Nh3 cxd4 17. exd4 Rc8 18. Nf4 exf3 19. Bxf3 Nd8 20. Rae1 Qf7 21. Ncd5 Re8 22. Bc3 Kh7 23. Qd3 Nxd5 24. Bxd5 Qf6 25. Re3 Bf8 26. Nh5 Qg6 27. Rxe8 Qxe8 28. Ng3 g6 29. Re1 Ne6 30. Bxe6 Bxe6 31. d5 Bf7 32. Rxe8 Rxe8 33. Nxf5 gxf5 34. Qxf5+ Bg6 35. Qf6 1-0

[Event "London Big Slick IM 2nd"]
[Site "London"]
[Date "2011.06.27"]
[Round "3"]
[White "Makepeace, Philip"]
[Black "Yurenok, Maria S"]
[Result "1-0"]
[WhiteElo "2095"]
[BlackElo "2100"]
[PlyCount "131"]
[EventDate "2011.06.25"]
[EventType "tourn"]
[EventRounds "9"]
[EventCountry "ENG"]
[SourceTitle "CBM 143 Extra"]
[Source "ChessBase"]
[SourceDate "2011.08.29"]
[SourceVersion "1"]
[SourceVersionDate "2011.08.29"]
[SourceQuality "1"]

1. e4 c5 2. Nf3 e6 3. d3 Nc6 4. g3 d6 5. Bg2 g6 6. 0-0 Bg7 7. c3 Nge7 8. Na3 0-0 9. Qe2 e5 10. Nd2 Be6 11. f4 exf4 12. gxf4 f5 13. Ndc4 d5 14. exd5 Bxd5 15. Be3 b6 16. Bxd5+ Qxd5 17. Rad1 Rad8 18. Rfe1 Nc8 19. Bf2 Bf6 20. Nb5 Rf7 21. Qe6 Kg7 22. Qxd5 Rxd5 23. Re8 Rf8 24. Nc7 Rxe8 25. Nxe8+ Kf7 26. Nxf6 Kxf6 27. a3 b5 28. Ne3 Rd7 29. Nc2 c4 30. d4 N6e7 31. Kg2 Nd5 32. Kf3 Nd6 33. Ra1 a5 34. a4 b4 35. cxb4 axb4 36. Be1 b3 37. Ne3 Ke6 38. a5 Nxe3 39. Kxe3 Kd5 40. a6 Nb5 41. Bb4 Kc6 42. Bc5 Rd8 43. a7 Kb7 44. Ra4 Nc7 45. Rxc4 Na6 46. Kd3 Nxc5+ 47. Rxc5 Kxa7 48. Rb5 Re8 49. d5 Re4 50. Rxb3 Rxf4 51. Rb5 Re4 52. d6 Re6 53. Rd5 Re8 54. Kd4 Kb6 55. Rc5 Re1 56. Rc2 f4 57. Kd5 g5 58. d7 Rd1+ 59. Ke6 Re1+ 60. Kf6 Rd1 61. Ke7 Re1+ 62. Kd8 Kb7 63. Rc3 Rd1 64. Rc7+ Kb8 65. Rc8+ Kb7 66. Ke7 1-0

[Event "London Big Slick IM 2nd"]
[Site "London"]
[Date "2011.06.26"]
[Round "2"]
[White "Yurenok, Maria S"]
[Black "Blackburn, Suzie G"]
[Result "1-0"]
[WhiteElo "2100"]
[BlackElo "1944"]
[PlyCount "49"]
[EventDate "2011.06.25"]
[EventType "tourn"]
[EventRounds "9"]
[EventCountry "ENG"]
[SourceTitle "CBM 143 Extra"]
[Source "ChessBase"]
[SourceDate "2011.08.29"]
[SourceVersion "1"]
[SourceVersionDate "2011.08.29"]
[SourceQuality "1"]

1. d4 e6 2. c4 Bb4+ 3. Bd2 a5 4. Nc3 Nf6 5. g3 d5 6. a3 Bxc3 7. Bxc3 a4 8. c5 Bd7 9. Nf3 Bb5 10. Bg2 Nc6 11. 0-0 0-0 12. Re1 Ne4 13. Nd2 Nxc3 14. bxc3 Na5 15. Rb1 c6 16. e4 Qd7 17. f4 f5 18. exf5 exf5 19. Nf3 Nc4 20. Ne5 Qc7 21. Nxc4 Bxc4 22. Qd2 Bb3 23. Re6 Rae8 24. Rbe1 Kf7 25. Qe2 1-0

[Event "BCF-chT1c 1011 (4NCL) Promotion pool"]
[Site "England"]
[Date "2011.05.01"]
[Round "10.12"]
[White "Tissir, Mohamed"]
[Black "Yurenok, Maria S"]
[Result "1-0"]
[WhiteElo "2464"]
[BlackElo "2100"]
[PlyCount "113"]
[EventDate "2010.11.06"]
[EventType "team-tourn"]
[EventRounds "4"]
[EventCountry "ENG"]
[SourceTitle "EXT 2012"]
[Source "ChessBase"]
[SourceDate "2011.11.24"]
[SourceVersion "1"]
[SourceVersionDate "2011.11.24"]
[SourceQuality "1"]
[WhiteTeam "Hilsmark Kingfisher"]
[BlackTeam "Betsson.com"]
[WhiteTeamCountry "ENG"]
[BlackTeamCountry "ENG"]

1. e4 c5 2. Nf3 e6 3. d4 cxd4 4. Nxd4 Nc6 5. Nc3 Qc7 6. f4 a6 7. Nxc6 bxc6 8. Bd3 d5 9. Qe2 Nf6 10. 0-0 Be7 11. b3 Bb7 12. Bb2 0-0 13. Rae1 Bb4 14. a3 Bxc3 15. Bxc3 Nxe4 16. Bxe4 dxe4 17. Qxe4 c5 18. Qe3 Qc6 19. Rf2 Rad8 20. h3 Rd5 21. Rfe2 Bc8 22. Be5 c4 23. b4 f6 24. Bd4 Rfd8 25. c3 Qa4 26. Bb6 R8d6 27. Bc5 Rd8 28. Qe4 Qb5 29. a4 Qxa4 30. Qxc4 Qb5 31. Qa2 Qe8 32. Kh2 Qf7 33. Bb6 R8d6 34. c4 Rd1 35. c5 Rxe1 36. Rxe1 Rd4 37. Qb2 Rd5 38. b5 axb5 39. Qxb5 e5 40. fxe5 Rxe5 41. Rd1 Re8 42. c6 Qe6 43. Bc7 g5 44. Bg3 Kg7 45. Rd6 Qf5 46. Rd5 Qe6 47. Qc5 Kg6 48. Rd6 Qe4 49. Qc3 Qf5 50. Rd2 Qe4 51. Rd4 Qe2 52. Rd6 Re6 53. Rd8 Re8 54. Rd6 Re6 55. Qb3 Kg7 56. Rd8 Re8 57. Rxc8 1-0

[Event "BCF-chT1c 1011 (4NCL) Promotion pool"]
[Site "England"]
[Date "2011.03.27"]
[Round "8.12"]
[White "Yurenok, Maria S"]
[Black "Burnett, Jim"]
[Result "0-1"]
[WhiteElo "2071"]
[BlackElo "2186"]
[PlyCount "80"]
[EventDate "2010.11.06"]
[EventType "team-tourn"]
[EventRounds "4"]
[EventCountry "ENG"]
[SourceTitle "EXT 2012"]
[Source "ChessBase"]
[SourceDate "2011.11.24"]
[SourceVersion "1"]
[SourceVersionDate "2011.11.24"]
[SourceQuality "1"]
[WhiteTeam "Betsson.com"]
[BlackTeam "White Rose"]
[WhiteTeamCountry "ENG"]
[BlackTeamCountry "ENG"]

1. d4 d5 2. c4 e6 3. Nc3 c6 4. cxd5 exd5 5. Qc2 Be7 6. Nf3 g6 7. e3 Bf5 8. Bd3 Bxd3 9. Qxd3 Nf6 10. 0-0 0-0 11. b3 Re8 12. Ne5 Bd6 13. f4 Nbd7 14. Bd2 Qe7 15. Be1 Nh5 16. Rf3 f6 17. Nxd7 Qxd7 18. h3 f5 19. Bh4 Be7 20. Bxe7 Rxe7 21. Na4 Nf6 22. Nc5 Qd6 23. Qe2 b6 24. Nd3 c5 25. Qb2 c4 26. Ne5 Rc8 27. Rc1 Rec7 28. Rf2 Ne4 29. Rfc2 c3 30. Qa1 Qf6 31. Re1 g5 32. Qd1 gxf4 33. exf4 Qh4 34. Nd3 Rg7 35. Qf3 Rg3 36. Qf1 Rxd3 37. Qxd3 Qxe1+ 38. Kh2 Qh4 39. g3 Qf6 40. Qb5 Qc6 0-1

[Event "Cento op 1st"]
[Site "Cento"]
[Date "2011.02.12"]
[Round "9"]
[White "Gromovs, Sergejs"]
[Black "Yurenok, Maria S"]
[Result "1-0"]
[WhiteElo "2284"]
[BlackElo "2092"]
[PlyCount "77"]
[EventDate "2011.02.05"]
[EventType "swiss"]
[EventRounds "9"]
[EventCountry "ITA"]
[SourceTitle "CBM 140 Extra"]
[Source "ChessBase"]
[SourceDate "2011.03.01"]
[SourceVersion "1"]
[SourceVersionDate "2011.03.01"]
[SourceQuality "1"]

1. d4 d5 2. c4 c6 3. Nf3 Nf6 4. Nc3 dxc4 5. a4 Bf5 6. e3 e6 7. Bxc4 Bb4 8. 0-0 0-0 9. Qb3 Qe7 10. Bd2 a5 11. Rfe1 Ne4 12. Nxe4 Bxe4 13. Bxb4 axb4 14. Ne5 Bd5 15. e4 Bxc4 16. Qxc4 Rd8 17. a5 Qd6 18. Red1 Na6 19. f4 f6 20. Nf3 Kh8 21. g3 h6 22. Nh4 Kh7 23. Qc2 Qc7 24. e5+ f5 25. g4 g6 26. Rd3 Rg8 27. Rg3 Qd8 28. Nf3 Rc8 29. Qg2 Nc7 30. Qh3 Qe7 31. Ng5+ Kg7 32. Nxe6+ Nxe6 33. gxf5 Nxf4 34. f6+ Kh7 35. Qg4 Qf7 36. Qxf4 Rcd8 37. Re1 Rde8 38. Re4 Re6 39. Qxh6+ 1-0